000 00777nmm a2200253 a 4500
001 ocm000700744
003 TR-IsHL
005 20201028132412.0
008 131030s1998 tu tur
007 cr cn
035 _a700744
_b(N$T)
050 0 4 _aDT61
_b.U88 1998
090 0 4 _aDT61
_b.U88 1998
100 1 _aÜstüner, Ali Cengiz
245 1 0 _aMısır uygarlığı
_h[electronic resource] /
_cAli Cengiz Üstüner
260 _aİstanbul :
_bDragon Yayıncılık,
_c1998
300 _a412 p.
650 4 _aTarih
650 4 _aHistory
650 0 _aMısır
_x Uygarlık
650 0 _aEgypt
_x Civilization
650 7 _aHISTORY / Ancient / Egypt
_2bisacsh
856 4 0 _uhttp://search.ebscohost.com/login.aspx?direct=true&scope=site&db=e011xww&AN=700744
999 _c5073
_d5073